History Quiz

Random History or Africa Quiz

African leaders by decade Quiz Stats

 Plays Quiz not verified by Sporcle

Score 0/11 Timer 03:00
0 Plays Today
% Correct
1990s
87%
1970s
81.5%
1960s
77.8%
1950s
74.1%
1980s
72.2%
2000s
68.5%
2010s
66.7%
1930s
51.9%
1910s
42.6%
1940s
42.6%
1920s
40.7%

You're not logged in!

Compare scores with friends on all Sporcle quizzes.
OR
Log In

Sporcle TV

Today on Sporcle TV


Watch our educational content, quiz creation guides, and fun videos on Sporcle TV.

Show Comments

Extras

Top Quizzes Today


Score Distribution

Your Account Isn't Verified!

In order to create a playlist on Sporcle, you need to verify the email address you used during registration. Go to your Sporcle Settings to finish the process.

Report this User

Report this user for behavior that violates our Community Guidelines.

Details: